D. H. Lawrence : (Record no. 21107)
[ view plain ]
| 000 -LEADER | |
|---|---|
| fixed length control field | 01243nam a2200289 a 4500 |
| 001 - CONTROL NUMBER | |
| control field | 21107 |
| 003 - CONTROL NUMBER IDENTIFIER | |
| rucl marc code | BD-RjUL |
| 005 - DATE AND TIME OF LATEST TRANSACTION | |
| control field | 20240325100525.0 |
| 008 - FIXED-LENGTH DATA ELEMENTS--GENERAL INFORMATION | |
| fixed length control field | 140303s1972 ilua b 001 0 eng d |
| 035 ## - SYSTEM CONTROL NUMBER | |
| System control number | (BD-RjUL)21107 |
| 040 ## - CATALOGING SOURCE | |
| Original cataloging agency | DLC |
| Transcribing agency | DLC |
| Modifying agency | DLC |
| -- | BD-RjUL |
| Language of cataloging | eng |
| 041 1# - LANGUAGE CODE | |
| Language code of text/sound track or separate title | engfre |
| 082 00 - DEWEY DECIMAL CLASSIFICATION NUMBER | |
| Edition number | 23 |
| Classification number | 823.912 |
| Author mark and year | DED 1972 |
| 100 1# - MAIN ENTRY--PERSONAL NAME | |
| Personal name | Delavenay, Émile. |
| 9 (RLIN) | 19452 |
| 245 10 - TITLE STATEMENT | |
| Title | D. H. Lawrence : |
| Remainder of title | the man and his work; the formative years: 1885-1919 / |
| Statement of responsibility, etc. | Translated from the French by Katharine M. Delavenay. |
| 260 ## - PUBLICATION, DISTRIBUTION, ETC. (IMPRINT) | |
| Place of publication, distribution, etc. | London ; |
| -- | Carbondale : |
| Name of publisher, distributor, etc. | Heinemann ; |
| -- | Southern Illinois University Press, |
| Date of publication, distribution, etc. | 1972 |
| 300 ## - PHYSICAL DESCRIPTION | |
| Pagination | xvi, 592 p. : |
| Illustrations | illus. ; |
| Size | 25 cm. |
| 350 ## - PRICE (NR) (BK AM CF MU VM SE) [OBSOLETE] | |
| Price | $25.00 |
| 500 ## - GENERAL NOTE | |
| General note | Translation of D. H. Lawrence, l'homme et la genèse de son œuvre, les années de formation, 1885-1919. |
| 504 ## - BIBLIOGRAPHY, ETC. NOTE | |
| Bibliography, etc | Bibliography: p. [571]-578. and Index |
| 600 10 - SUBJECT ADDED ENTRY--PERSONAL NAME | |
| Personal name | Lawrence, D. H. |
| Fuller form of name | (David Herbert), |
| Dates associated with a name | 1885-1930. |
| 650 #0 - SUBJECT ADDED ENTRY--TOPICAL TERM | |
| Topical term or geographic name as entry element | Authors, English |
| Chronological subdivision | 20th century |
| General subdivision | Biography. |
| 9 (RLIN) | 56683 |
| 856 42 - ELECTRONIC LOCATION AND ACCESS | |
| Materials specified | Contributor biographical information |
| Uniform Resource Identifier | <a href="http://www.loc.gov/catdir/enhancements/fy0801/70190586-b.html">http://www.loc.gov/catdir/enhancements/fy0801/70190586-b.html</a> |
| Materials specified | Publisher description |
| Uniform Resource Identifier | <a href="http://www.loc.gov/catdir/enhancements/fy0801/70190586-d.html">http://www.loc.gov/catdir/enhancements/fy0801/70190586-d.html</a> |
| 942 ## - ADDED ENTRY ELEMENTS (KOHA) | |
| Source of classification or shelving scheme | Dewey Decimal Classification |
| Koha item type | Books |
| Lost status | Source of classification or shelving scheme | Damaged status | Not for loan | Collection code | Permanent Location | Current Location | Shelving location | Date acquired | Source of acquisition | Cost, normal purchase price | Total Checkouts | Full call number | Date last seen | Copy number | Koha item type |
|---|---|---|---|---|---|---|---|---|---|---|---|---|---|---|---|
| Dewey Decimal Classification | Fiction | Central Library, University of Rajshahi | Central Library, University of Rajshahi | 11/07/1977 | Heffers. | 9.00 | 823.912 DED 1972 | 03/03/2014 | C-2 | Books | |||||
| Dewey Decimal Classification | Not For Loan | Fiction | Central Library, University of Rajshahi | Central Library, University of Rajshahi | Reading Room | 25/03/2024 | 823.912 DED 1972 | 25/03/2024 | C-1 | Books | |||||
| Dewey Decimal Classification | Fiction | Central Library, University of Rajshahi | Central Library, University of Rajshahi | General Stacks | 11/07/1977 | Heffer and Sons | 9.00 | 823.912 DED 1972 | 17/04/2024 | C-3 | Books | ||||
| Dewey Decimal Classification | Fiction | Central Library, University of Rajshahi | Central Library, University of Rajshahi | General Stacks | 11/07/1977 | Heffer and Sons | 9.00 | 823.912 DED 1972 | 17/04/2024 | C-4 | Books | ||||
| Dewey Decimal Classification | Fiction | Central Library, University of Rajshahi | Central Library, University of Rajshahi | General Stacks | 11/07/1977 | Heffer and Sons | 9.00 | 823.912 DED 1972 | 17/04/2024 | C-5 | Books | ||||
| Dewey Decimal Classification | Fiction | Central Library, University of Rajshahi | Central Library, University of Rajshahi | General Stacks | 11/07/1977 | Heffer and Sons | 9.00 | 823.912 DED 1972 | 17/04/2024 | C-6 | Books |